Stone Cutters of the Simpsons - Statistics

General Stats
  • This quiz has been taken 36 times
    20 since last reset
  • The average score is 8 of 21
Answer Stats
Hint Answer % Correct
Mr Burns
89%
Carl
84%
Homer Simpson
84%
Lenny
84%
Moe Syzslak
58%
Smithers
53%
US President George Bush
47%
Grandpa Simpson
47%
Leader Number One
42%
Principal Skinner
37%
Popcorn Magnate Orville Redenbacher
32%
Chief Wiggum
26%
Doctor Hibbert
21%
Kent Brockman
21%
Krusty
21%
Extraterrestrial Martian
21%
Actor Mr T
21%
Actor Steve Gutenberg
21%
Herman Hermann
16%
Jasper Beardley
11%
Actor Jack Nicholson
5%
No matching quizzes found
Score Distribution
Percent of People with Each Score
Percentile by Number Answered
Your Score History
You have not taken this quiz since the last reset